000 00504nam a2200193Ia 4500
008 131103s9999 xx 000 0 und d
040 _aLoreto College
041 _aEnglish
082 _a370/LOC
_bLCLIB
100 _aLocke,John
245 _aSome thoughts concerning education
_cJohn Locke
260 _aCambridge
_bCambridge University Press
_c1880
300 _aIxiv,240 p.
_c 8 cm.
504 _areprinted 1913
650 _aEducation
651 _aEducation
850 _aLCLIB
942 _cBK
999 _c2949
_d53428